| 000 | 01083nam0a22002531 4500 | ||
|---|---|---|---|
| 001 | v19\rc\1409789 | ||
| 005 | 20260407145551.0 | ||
| 035 | _a(NLR Aleph) 005223145 | ||
| 090 |
_a5526380 _c5526380 |
||
| 100 | _a20060512d1877 |||y0rusy50 ca | ||
| 101 | 0 | _arus | |
| 102 | _aRU | ||
| 105 | _ay z ||||| | ||
| 200 | 1 |
_aТехнические условия на поставку товаро-пассажирских паровозов с 6-ю связанными колесами и подвижной передней осью, с тендерами и принадлежностями _fО-во Уральской горнозаводской ж.-д. |
|
| 210 |
_aСанкт-Петербург _d1877 |
||
| 215 |
_a15 с. _d21 |
||
| 710 | 0 | 2 |
_aУральская горнозаводская железная дорога _3RU\NLR\AUTH\8810022389 _9542785 |
| 801 | 0 |
_aRU _bNLR _c20060512 _gpsbo |
|
| 801 | 0 |
_aRU _bRuMoRGB _c20060512 _2psbo |
|
| 801 | 1 |
_aRU _bProSoft-M _c20060512 _2rusmarc |
|
| 801 | 2 |
_aRU _bNLR _c20110816 _2rusmarc |
|
| 852 |
_aNLR _j18.96.7.321 |
||
| 942 | _cBOOK | ||
| 980 | _aNB | ||